00488pab a2200157 454500008004000000100001800040245011400058260000900172300001300181362000800194650001500202650003300217650001400250700002300264773004300287180718b2017 xxu||||| |||| 00| 0 eng d aMin, Jeonghun aDo campaigns matter outside the United States? equilibrium and enlightenment in Korean presidential elections c2017 ap.21-39. aJan aPresidents aKorea. President - Elections aElections aGurian, Paul-Henri aInternational Political Science Review